000 00284nam a2200109Ia 4500
008 221030s9999 xx 000 0 und d
245 0 _aPotential of 3 G in Chandigarh Market
260 _bTata Teleservices Ltd.
_aChandigarh
_c2011
300 _a45
650 _aManagement
942 _cTH
999 _c14910
_d14910